| 000 | 01087nas a2200277Ia 4500 | ||
|---|---|---|---|
| 001 | R142/77667 | ||
| 003 | IT-RoPAU | ||
| 008 | 151124c99999999xx |||||||||||| ||und|| | ||
| 040 | _aIT-RoPAU | ||
| 040 | _cIT-RoPAU | ||
| 041 | _aFRANCESE | ||
| 100 |
_aBar Francois _gCodice Aut. SPICS: 46006 |
||
| 210 | _aRESEAUX | ||
| 222 | _aReseaux | ||
| 245 |
_aRESEAUX, N.041 (MAGGIO/GIUGNO 1990) _bDe L'Acces Public Aux Connexions Privees: Politique De Reseaux Et Interet National |
||
| 250 | _a1a ed. | ||
| 260 |
_aPARIS _bCNET _c1990 |
||
| 501 |
_bPaulus - SPICS - Società San Paolo EM (non-commercial uses only) _cCopyright2015 |
||
| 300 | _a22 p. [19-40] | ||
| 362 | _aN.041 (MAGGIO/GIUGNO 1990) | ||
| 500 | _aAccesso Pubblico Ai Collegamenti Privati: Politica di Reti e Interesse Nazionale. Utilizzazione Delle Telecomunicazioni per Aumentare la Competitività. Torre di Babele Costruita Mattone per Mattone. Vie di Sviluppo Vantaggioso. | ||
| 650 |
_aCOMUNICAZIONE _vPUBBLICAZIONE PERIODICA |
||
| 700 | _aBorrus Michael | ||
| 700 | _gCodice Aut. SPICS: 46007 | ||
| 942 | _cCR | ||
| 999 |
_c190835 _d190835 |
||